|
|
|
|
| LEADER |
00000nab a2200000 ar4500 |
| 001 |
vtls008412573 |
| 003 |
SK-MaSNL |
| 005 |
20260311080213.0 |
| 008 |
051130c2005 xo sr|p|||||||000 b|slo |
| 015 |
|
|
|a SNBRB2005/11
|2 snkbucl
|
| 038 |
|
|
|a SNKBUCL
|
| 040 |
|
|
|a SNKBUCL
|b slo
|c SNKBUCL
|e AACR2
|
| 041 |
0 |
|
|a slo
|
| 044 |
|
|
|a xo
|c SK
|
| 080 |
|
|
|a 82-051
|2 UDC-MRF-SK2
|
| 080 |
|
|
|a 929 Hečko, František
|2 UDC-MRF-SK2
|
| 080 |
|
|
|a 811.162.4
|2 UDC-MRF-SK2
|
| 100 |
1 |
|
|a Horvat, František,
|d 1947-2005
|4 aut
|9 199987
|
| 245 |
1 |
0 |
|a Písal len o tom, čo aj sám prežil
|b F. Hečko: "poézia mi bola školou, v ktorej som sa vyučil za prozaika"
|c Fero Horvat
|
| 300 |
|
|
|b Fotogr.
|
| 600 |
1 |
7 |
|a Hečko, František,
|d 1905-1960
|2 snkbucl
|9 106870
|
| 773 |
0 |
|
|t Verejná správa
|g Roč. 60, č. 22 (2005), s. 26-27
|x 1335-7883
|
| 852 |
|
|
|a SNK
|b KIS3GCP
|
| 999 |
|
|
|c 1754322
|d 1756252
|